002650000a2200097000450024500520000004100140005270000170006670000210008310000230010477300400012710aEspecies de Lepanthes (Orchidaceae) de Colombia0 aEspañol1 aOtero, Tupac1 aLuer, Carlyle A.1 aFarfán, Julián1 tBiota Colombianah1q33-47d2003g4